Statistics for U.S. States Without Any Pro Teams

Click here to take the quiz!

General Stats

  • This quiz has been taken 279 times
    (33 since last reset)
  • The average score is 22 of 23

Answer Stats

State % Correct
Connecticut
100%
Alabama
97%
Alaska
97%
South Dakota
97%
South Carolina
97%
North Dakota
97%
Wyoming
97%
Hawaii
97%
Idaho
97%
Iowa
94%
Maine
94%
Mississippi
94%
New Hampshire
94%
New Mexico
94%
Rhode Island
94%
Delaware
94%
Vermont
94%
West Virginia
94%
Montana
94%
Kentucky
91%
Nebraska
91%
Virginia
91%
Arkansas
88%

Score Distribution

Percentile by Number Answered

Percent of People with Each Score

Your Score History

You have not taken this quiz since the last reset